logo

Bir Sreshtho Munshi Abdur Rouf Library
Jhenaidah Cadet College

Wings Of Fire: (Record no. 14406)

MARC details
000 -LEADER
fixed length control field 00584nam a22002177a 4500
001 - CONTROL NUMBER
JCCL Control Number 14406
003 - CONTROL NUMBER IDENTIFIER
JCCL marc code BD-JhCC
005 - DATE AND TIME OF LATEST TRANSACTION
control field 20250914122357.0
008 - FIXED-LENGTH DATA ELEMENTS--GENERAL INFORMATION
fixed length control field 250914b |||||||| |||| 00| 0 eng d
020 ## - INTERNATIONAL STANDARD BOOK NUMBER
International Standard Book Number 9789352750924
035 ## - SYSTEM CONTROL NUMBER
system control number (BD-JhCC) 14406
040 ## - CATALOGING SOURCE
Original cataloging agency BD-JhCC
Modifying agency BD-JhCC
041 ## - LANGUAGE CODE
Language code of Book eng
082 ## - DEWEY DECIMAL CLASSIFICATION NUMBER
DDC Edition number 23
Classification number 813.6
Author mark and Year SUT 2016
100 ## - MAIN ENTRY--PERSONAL NAME
Personal name Sutherland, Tui T.
245 ## - TITLE STATEMENT
Title Wings Of Fire:
Remainder of title Escaping Peril /
Statement of responsibility, etc Tui T. Sutherland
260 ## - PUBLICATION, DISTRIBUTION, ETC. (IMPRINT)
Place of publication, distribution, etc New York:
Name of publisher, distributor, etc Scholastic Press,
Date of publication, distribution, etc 2016
300 ## - PHYSICAL DESCRIPTION
Pagination 288 p.;
Dimensions 19 cm.
Accompanying material Paper Binding
650 ## - SUBJECT ADDED ENTRY--TOPICAL TERM
Topical term or geographic name as entry element Juvenile Fiction
942 ## - ADDED ENTRY ELEMENTS (KOHA)
Source of classification or shelving scheme Dewey Decimal Classification
Koha item type Books
Holdings
Source of classification or shelving scheme Damaged status Not for loan Collection code Home library Current library Shelving location Date of accession Total Checkouts Full call number Barcode Date last seen Copy number Method of acquisition Koha item type Currency
Dewey Decimal Classification     Fiction JCC Rouf Library JCC Rouf Library General Stacks 09/14/2025   813.6 SUT 2016 20263 09/14/2025 C-1 Purchase Books BDT

JCC Library | Contacts | JCC Home

Last Update on 23 September 2017
Copyright @ 2017-2020 JCC Rouf Library
Rouf Library, Jhenidah Cadet College (JCC), Bangladesh